[Event "Menchik Memorial Challengers"]
[Site "London"]
[Date "2024.09.03"]
[Round "9.1"]
[White "Rida, Ruqayyah"]
[Black "Mirzoeva, Elmira"]
[Result "0-1"]
[WhiteElo "2115"]
[BlackElo "2260"]
[PlyCount "120"]
[EventDate "2024.08.30"]
[EventType "tourn"]
[EventRounds "9"]
[EventCountry "ENG"]
[SourceTitle "BritBase"]
[Source "John Saunders"]
[SourceDate "2024.09.04"]
[SourceVersion "1"]
[SourceVersionDate "2024.09.04"]
[SourceQuality "1"]

1. e4 c6 2. d4 d5 3. Nd2 dxe4 4. Nxe4 Bf5 5. Ng3 Bg6 6. h4 h6 7. Nf3 e6 8. Ne5 Bh7 9. Bd3 Bxd3 10. Qxd3 Nd7 11. Bf4 Qa5+ 12. c3 Ngf6 13. Nxd7 Nxd7 14. Ne4 O-O-O 15. b4 Qf5 16. Bd2 Ne5 17. Qe2 Nc4 18. Ng3 Qd5 19. Qe4 Nxd2 20. Qxd5 Rxd5 21. Kxd2 e5 22. Kd3 exd4 23. c4 Rd7 24. a3 g6 25. Rhe1 Bg7 26. Re4 h5 27. Rae1 Kc7 28. R4e2 Bf6 29. Re4 a5 30. Rf4 Bg7 31. Ne4 Re7 32. Rb1 axb4 33. axb4 Ra8 34. Rb3 Be5 35. Rf3 Ra1 36. Nd2 Bg7 37. c5 b5 38. Ne4 Rd1+ 39. Kc2 Rf1 40. Kd3 Be5 41. Ra3 Kb7 42. Nd6+ Bxd6 43. cxd6 Rd7 44. Kxd4 Rxd6+ 45. Ke5 Re6+ 46. Kd4 f5 47. Rae3 Rxe3 48. Kxe3 Re1+ 49. Kd3 Re4 50. Rg3 Rg4 51. Rxg4 hxg4 52. Kd4 Kc7 53. Ke5 c5 54. bxc5 Kc6 55. Kd4 f4 56. g3 f3 57. Ke5 Kxc5 58. Kf6 b4 59. Kxg6 b3 60. h5 b2 0-1

[Event "Menchik Memorial Challengers"]
[Site "London"]
[Date "2024.09.03"]
[Round "9.2"]
[White "Hryshchenko, Kamila"]
[Black "Navrotescu, Andreea"]
[Result "0-1"]
[WhiteElo "2163"]
[BlackElo "2281"]
[PlyCount "60"]
[EventDate "2024.08.30"]
[EventType "tourn"]
[EventRounds "9"]
[EventCountry "ENG"]
[SourceTitle "BritBase"]
[Source "John Saunders"]
[SourceDate "2024.09.04"]
[SourceVersion "1"]
[SourceVersionDate "2024.09.04"]
[SourceQuality "1"]

1. e4 e5 2. Nf3 Nc6 3. Bb5 Nge7 4. h4 d6 5. Bc4 h6 6. Nc3 g6 7. h5 g5 8. a3 Bg7 9. d3 f5 10. Nxg5 hxg5 11. h6 Ng6 12. Bxg5 Qxg5 13. Rh5 Bxh6 14. Rxg5 Bxg5 15. d4 Rh1+ 16. Bf1 Nf4 17. Qf3 Nxd4 18. Qg3 Rh5 19. Nb5 Nxc2+ 20. Kd1 Nxa1 21. Nxc7+ Kd8 22. Nxa8 Be6 23. exf5 Bb3+ 24. Kd2 Nd5+ 25. Kd3 b5 26. Ke2 Bc4+ 27. Ke1 Nc2+ 28. Kd1 Nd4 29. f4 Bb3+ 30. Ke1 Bh4 0-1

[Event "Menchik Memorial Challengers"]
[Site "London"]
[Date "2024.09.03"]
[Round "9.3"]
[White "Subramanian, Anusha"]
[Black "Jarocka, Liwia"]
[Result "0-1"]
[WhiteElo "2067"]
[BlackElo "2242"]
[PlyCount "108"]
[EventDate "2024.08.30"]
[EventType "tourn"]
[EventRounds "9"]
[EventCountry "ENG"]
[SourceTitle "BritBase"]
[Source "John Saunders"]
[SourceDate "2024.09.04"]
[SourceVersion "1"]
[SourceVersionDate "2024.09.04"]
[SourceQuality "1"]

1. e4 c5 2. Nf3 Nc6 3. d4 cxd4 4. Nxd4 Nf6 5. Nc3 e5 6. Ndb5 d6 7. Bg5 a6 8. Na3 b5 9. Nd5 Be7 10. Bxf6 Bxf6 11. c3 Rb8 12. Nc2 Bg5 13. Nce3 O-O 14. h4 Bxe3 15. Nxe3 Ne7 16. Bd3 Be6 17. Qc2 g6 18. h5 Qb6 19. Qd2 Qb7 20. Nf5 Bxf5 21. Qh6 f6 22. hxg6 Bxg6 23. O-O-O b4 24. c4 Qb6 25. Rd2 Rb7 26. Rh3 Qc5 27. Kb1 Rf7 28. Rf3 f5 29. exf5 Nxf5 30. Qg5 Ne7 31. Rxf7 Kxf7 32. Bxg6+ Nxg6 33. Rd3 Kg7 34. Rf3 Rf7 35. Rxf7+ Kxf7 36. Qf5+ Ke7 37. Qg5+ Ke8 38. Qg4 Qxf2 39. Qe6+ Ne7 40. g4 Qf7 41. Qxd6 Qf1+ 42. Kc2 Qxc4+ 43. Kb1 Qd4 44. Qb8+ Qd8 45. Qxd8+ Kxd8 46. Kc2 Kd7 47. Kd3 Kd6 48. Ke4 a5 49. g5 a4 50. b3 axb3 51. axb3 Ke6 52. Kd3 Kd5 53. Ke3 e4 54. Kf4 Kd4 0-1

[Event "Menchik Memorial Challengers"]
[Site "London"]
[Date "2024.09.03"]
[Round "9.5"]
[White "Van Foreest, Machteld"]
[Black "Varney, Zoe"]
[Result "1-0"]
[WhiteElo "2224"]
[BlackElo "2067"]
[PlyCount "77"]
[EventDate "2024.08.30"]
[EventType "tourn"]
[EventRounds "9"]
[EventCountry "ENG"]
[SourceTitle "BritBase"]
[Source "John Saunders"]
[SourceDate "2024.09.04"]
[SourceVersion "1"]
[SourceVersionDate "2024.09.04"]
[SourceQuality "1"]

1. e4 e5 2. Nf3 Nc6 3. Bc4 Nf6 4. d3 Bc5 5. c3 a6 6. Bb3 Ba7 7. h3 h6 8. Nbd2 O-O 9. g4 d5 10. Qe2 dxe4 11. Nxe4 Na5 12. g5 Nxe4 13. Qxe4 Nxb3 14. axb3 g6 15. Nh4 Kh7 16. Rg1 h5 17. Be3 Bxe3 18. fxe3 Be6 19. c4 Qd6 20. O-O-O a5 21. d4 exd4 22. Rxd4 Qb4 23. Nxg6 fxg6 24. Qxe6 Rae8 25. Rd7+ Kh8 26. Qxg6 Re7 27. Qxh5+ Kg8 28. Qg6+ Kh8 29. Qh6+ Kg8 30. Rxe7 Qxe7 31. g6 Rf3 32. e4 Qd7 33. Rd1 Rxh3 34. Rxd7 Rxh6 35. Rxc7 Rh1+ 36. Kc2 Rh2+ 37. Kc3 Rh3+ 38. Kc2 Rh2+ 39. Kb1 1-0